Tourism and the creative economy

Guardado en:
Detalles Bibliográficos
Formato: Libro
Lenguaje:inglés
Publicado: Paris OECD 2014
Colección:OECD studies on tourism
Materias:
Etiquetas: Agregar Etiqueta
Sin Etiquetas, Sea el primero en etiquetar este registro!

MARC

LEADER 00000nam a2200000 4500
001 0196452
005 20240315121347.0
020 |a 978-92-64-20786-8 
022 |a 2223-9790 
041 0 |a eng 
044 |a FR 
245 1 0 |a Tourism and the creative economy 
264 1 |a Paris  |b OECD  |c 2014 
300 |a 176 s. 
490 1 |a OECD studies on tourism 
830 0 |a OECD studies on tourism 
610 2 0 |a turistika 
610 2 0 |a ruch cestovný 
610 2 0 |a kreativita 
610 2 0 |a priemysel 
610 2 0 |a rast hospodársky 
610 2 0 |a miesta pracovné 
610 2 0 |a ekonomika vedomostná 
610 2 0 |a podnikanie malé 
610 2 0 |a podnikanie stredné 
610 2 0 |a štúdie prípadové